000 00763nam a22002057a 4500
999 _c64464
_d64464
005 20240530110733.0
008 180515s2006 ua a g 000 0 ara d
017 _a2006/19300
_bمصر. دار الكتب
020 _a9772159074
040 _aEG-CaGPL
_cEG-CaGPL
082 0 4 _221
_a157 /
_bم د
100 0 _aمحمد حسن غانم
245 1 0 _aدراسات فى الشخصية والصحة النفسية /
_cمحمد حسن غانم
260 _aالقاهرة :
_bدار غريب للطباعة والنشر والتوزيع،
_c2006.
300 _a2 مج :
_bايض ؛
_c24 سم.
650 0 7 _2qrmak
_aالامراض النفسية
650 0 7 _2qrmak
_aالصحة النفسية
942 _2ddc
_cBK